|
|
|
|
| LEADER |
00000nam0a2200000 4500 |
| 001 |
358831 |
| 005 |
20231102011131.0 |
| 035 |
|
|
|a (RuTPU)RU\TPU\retro\16103
|
| 090 |
|
|
|a 358831
|
| 100 |
|
|
|a 20200828d1976 km y0rusy50 ca
|
| 101 |
0 |
|
|a rus
|
| 102 |
|
|
|a RU
|
| 105 |
|
|
|a a z 001zy
|
| 200 |
1 |
|
|a Вопросы минералогии и Геохимии изверженных пород восточной Сибири
|e [сборник статей]
|f Академия наук СССР, Сибирское отделение, Институт геохимии им. А. П. Виноградова
|
| 210 |
|
|
|a Иркутск
|c [Б. и.]
|d 1976
|
| 215 |
|
|
|a 151 с.
|c ил.
|
| 320 |
|
|
|a Библиография в конце статей
|
| 606 |
1 |
|
|a Горные породы, изверженные
|x Минералогический состав
|2 stltpush
|3 (RuTPU)RU\TPU\subj\8113
|9 35599
|
| 610 |
1 |
|
|a минералы
|
| 610 |
1 |
|
|a элементы-примеси
|
| 610 |
1 |
|
|a Восточная Сибирь
|
| 610 |
1 |
|
|a Аинский гранитный массив
|
| 610 |
1 |
|
|a геохимические особенности
|
| 610 |
1 |
|
|a Западное Прибайкалье
|
| 610 |
1 |
|
|a гипербазиты
|
| 610 |
1 |
|
|a Восточное Забайкалье
|
| 610 |
1 |
|
|a вулкано-плутонические комплексы
|
| 675 |
|
|
|a 552.3
|v 4
|
| 712 |
0 |
2 |
|a Академия наук СССР
|b Сибирское отделение
|b Институт геохимии им. А. П. Виноградова
|c (Иркутск)
|2 stltpush
|3 (RuTPU)RU\TPU\col\1687
|9 23589
|
| 801 |
|
1 |
|a RU
|b 63413507
|c 20200828
|
| 801 |
|
2 |
|a RU
|b 63413507
|c 20230622
|g RCR
|
| 942 |
|
|
|c BK
|